Siddhartha
Tallennettuna:
| Päätekijä: | |
|---|---|
| Aineistotyyppi: | Kirja |
| Kieli: | espanja |
| Julkaistu: |
Barcelona
Bruguera
1980
|
| Sarja: | Bruguera Libro Amigo, 73
|
| Aiheet: | |
| Tagit: |
Lisää tagi
Ei tageja, Lisää ensimmäinen tagi!
|
MARC
| LEADER | 00000cam a2200000 a 4500 | ||
|---|---|---|---|
| 001 | UCX3517 | ||
| 003 | CL-VaPUC | ||
| 008 | 911112e19800000SP |||||||||||||||||spa|d | ||
| 020 | |a 8402076602 | ||
| 082 | 0 | 4 | |a 833 |b HES |2 21 |
| 100 | |a Hesse, Hermann |e autor |9 546760 | ||
| 245 | 1 | 0 | |a Siddhartha |
| 300 | |a 188 p | ||
| 942 | |c BK | ||
| 945 | |d 19911112 00:00:00 | ||
| 260 | |a Barcelona |b Bruguera |c 1980 | ||
| 650 | 0 | |a Novelas alemanas |9 265783 | |
| 583 | |a last modification |c 20120618 06:55:41 |k Rodrigo Vera | ||
| 490 | 0 | |a Bruguera Libro Amigo, 73 | |
| 999 | |c 224254 |d 224252 | ||
| 952 | |0 0 |1 0 |4 0 |6 833_000000000000000_HES_1980 |7 0 |8 A |9 220771 |a BIBEDU |b BIBEDU |d 2019-11-15 |i 2895099 |l 1 |m 2 |o 833 HES 1980 |p 2895099 |r 2025-03-27 |s 2025-03-13 |w 2019-11-15 |y BK |k LIT | ||
| 952 | |0 0 |1 0 |4 0 |6 833_000000000000000_HES_1980 |7 0 |8 A |9 220772 |a BIBART |b BIBART |d 2019-11-15 |i 4811437 |o 833 HES 1980 |p 4811437 |r 2025-03-13 |w 2019-11-15 |y BK |k ART | ||